03875cam a22003735i 4500001001400000003000400014005001700018007000300035008004100038010001700079020002800096020002900124020003000153020002900183040004400212050002000256245014900276260003200425264003200457300002600489490005100515500005100566504005100617505107500668520113601743650007102879650006802950650002003018650002603038650007903064700006903143700012103212776016803333in01260000324OSt20260427115108.0t|260202s2026 enk b 001 0 eng d a 2026348018 a9781041102533qhardback a9781041102601qpaperback z9781040433249qePub ebook z9781040433195qPDF ebook aMMARA-UbengeMMARA-UcMMARA-UdMMARA-U14aK235b.E96 202604aThe evolution of justice, equity and equality :bpractical wisdom from the past /cedited by Iwona Barwicka-Tylek, Jan Halberda, Maciej Mikuła. aLondon :bRoutledge,c2026. 1aLondon :bRoutledge,c2026. ax, 203 pages :c24 cm0 aRoutledge studies in comparative legal history aIncludes bibliographical references and index. aIncludes bibliographical references and index.0 aIntroduction: Kaleidoscope / Iwona Barwicka-Tylek, Jan Halberda, and Maciej Mikuła -- 1. The historians craft and ethical values. A lesson from Aristotle / Iwona Barwicka-Tylek -- 2. Justice as an empty principle in post-structuralist legal thought. Towards neohistorical Jurisprudence? / Tomás Gábri -- Part 1. Law & Justice -- 3. The concept of justice in Polish municipal law in the 16th18th Centuries / Maciej Mikuła -- 4. Good morals as the yardstick of Cartels validity in Hungarian private law at the turn of the 20th Century / Norbert Varga -- Part 2. Law & equity -- 5. Legitimacy and equity in the 11th century? Age-old Messages from Susali / Adrian Schmidt-Recla -- 6. Visions of equity / Guido Rossi -- 7. The concept of equity in Austrian private law. From the origins of the Austrian General Civil Code (ABGB) to the present day / Kamila Staudigl-Ciechowicz -- Part 3. Law & equality -- 8. Liberty and inequality in Ciceros Oratio Pro Sestio / Francisco J. Andrés Santos -- 9. Equity and equality in Richard Franciss Maxims of Equity / Jan Halberda a"This book presents a comprehensive exploration of historical perspectives on justice, equity, and equality, which have been, and still are, considered as the core values of any balanced political system. Combining historical methodology with wider philosophical and ethical insights, the volume offers a unique contribution to the fields of legal history, legal heritage, and legal culture. Bringing together scholars who specialise in different historical periods, the book covers a variety of concepts and practices, but also identifies some universal ideas about justice, equity, and equality that have been stimulating the development of the European political and legal tradition throughout the ages. In this way, it provides a multidisciplinary approach that advances the field of legal studies. By bridging the disciplines of history, law, and philosophy, the book demonstrates the interconnectedness of these fields and highlights how historical legal concepts can inform contemporary discussions. As such, it will be a valuable resource for academics and researchers working in these and related areas." -- The publisher. 0aLawxPhilosophy0http://id.loc.gov/authorities/subjects/sh85075139 0aLawxHistory0http://id.loc.gov/authorities/subjects/sh85075133 6aDroitxHistoire 7aLawxPhilosophy2fast 7aLawxHistory2fast0http://id.worldcat.org/fast/9937430(OCoLC)fst009937431 aHalberda, Janeeditor4http://id.loc.gov/vocabulary/relators/edt1 aMikuła, Maciejeeditor4http://id.loc.gov/vocabulary/relators/edt0http://id.loc.gov/authorities/names/no20171183051 iEbook version4http://id.loc.gov/entities/relationships/ebookversiontThe evolution of justice, equity and equality : practical wisdom from the pastz9781040433249